Ένεκεν δικαιοσύνης : ποιήματα
Αποθηκεύτηκε σε:
| Κύριος συγγραφέας: | |
|---|---|
| Μορφή: | Βιβλίο |
| Γλώσσα: | Greek |
| Δημοσίευση: |
Λεμεσός :
Αναστάση Αριστοτέλους,
2007.
|
| Σειρά: | Λογοτεχνία / Ποίηση (Αναστάση Αριστοτέλους)
|
| Θέματα: | |
| Ετικέτες: |
Προσθήκη ετικέτας
Δεν υπάρχουν, Καταχωρήστε ετικέτα πρώτοι!
|
MARC
| LEADER | 00000cam a2200000 a 4500 | ||
|---|---|---|---|
| 001 | 1/120127 | ||
| 008 | 191014s2007####cy | ||| |||| ||gre|| | ||
| 020 | |a 9789963879960 | ||
| 040 | |a GR-MyUa |b gre |c GR-MyUa |e AACR2 | ||
| 041 | 0 | |a gre | |
| 082 | 7 | |a 889.14 |2 (23) | |
| 100 | 1 | |a Αντωνίου, Σάββας, |d 1954- | |
| 245 | 1 | 0 | |a Ένεκεν δικαιοσύνης : |b ποιήματα / |c Σάββα Αντωνίου. |
| 260 | |a Λεμεσός : |b Αναστάση Αριστοτέλους, |c 2007. | ||
| 300 | |a 52 σ. ; |c 24 εκ. | ||
| 490 | 1 | |a (Λογοτεχνία / Ποίηση) | |
| 500 | |a Περιέχει υποσημειώσεις. | ||
| 650 | 0 | |a Cyprian poetry |x Collections. | |
| 650 | 0 | |a Cyprian poetry. | |
| 830 | 0 | |a Λογοτεχνία / Ποίηση (Αναστάση Αριστοτέλους) | |
| 852 | |a INST |b RHODES |e 20191014 |h 889.14 ΑΝΤ |p 005400041195 |q 005400041195 |t BK |y 0 | ||
| 920 | |a Ζαφείριος |b Λεύκιος |y Ρόδος |z 2019-10 | ||
| 970 | |a Μαρία |b Κωτάκου |z 14-10-2019 | ||